| 000 | 00711nam a2200229 a 4500 | ||
|---|---|---|---|
| 999 |
_c1172 _d1172 |
||
| 001 | 1172 | ||
| 003 | BD-JhCC | ||
| 005 | 20171016114808.0 | ||
| 008 | 171016s2000 bg a|||| ||a| 001 0 ben d | ||
| 020 | _a9844101670 | ||
| 035 | _a(BD-JhCC)1172 | ||
| 040 |
_aBD-JhCC _dBD-JhCC |
||
| 041 | _aben | ||
| 082 |
_a005.133 _bKAB 2000 |
||
| 100 | _aকবির, মুহাম্মদ হুমায়ুন | ||
| 245 |
_aকম্পিউটারের কথা / _cমুহাম্মদ হুমায়ুন কবির |
||
| 260 |
_aঢাকা : _bমাওলা ব্রাদার্স, _c2000. |
||
| 300 |
_a223 p. : _c22 cm. |
||
| 650 | _aComputer | ||
| 942 |
_2ddc _cBK |
||